000 00861cab a2200289 4500
001 ABS52325
008 090401t1995 xxu||||| |||| 00| 0 eng d
035 _a(Sirsi) u73227
041 _aeng
100 _aNewman, P.
245 _aParis finds housing answer in excess supply of offices
260 _c1995
350 _a0
490 _aPlanning (for the Natural and Built Environment)
_v(1106) 17 February 1995, 26(1)
520 _aExamines a Paris plan to convert excess office space into residential use commenting on what lessons which can be learnt by British planners.
650 _aALTERNATIVE USES
650 _aCONVERSION
650 _aFRANCE
650 _aOFFICES
650 _aPARIS
650 _aRESIDENTIAL USE
690 _aHOUSING
690 _aOVERSEAS-EUROPE
700 _aSalter, M.
942 _n0
948 _c04/03/1997
999 _c46309
_d46309